USA 200 most popular D names for baby girls 2016 - Statistics

General Stats
  • This quiz has been taken 2,810 times
  • The average score is 72 of 200
Answer Stats
NAME % Correct
Dea
94%
Dia
94%
Diya
94%
Dani
90%
Danni
90%
Diane
88%
Dianne
88%
Daiana
83%
Diana
83%
Dianna
83%
Danielle
81%
Daisy
79%
Daniela
79%
Daniella
79%
Daysi
79%
Deisy
79%
Deysi
79%
Donna
78%
Dena
77%
Dina
77%
Dana
76%
Danah
76%
Danna
76%
Dayna
76%
Debora
76%
Deborah
76%
Debra
76%
Dalila
75%
Dalilah
75%
Dalyla
75%
Dalylah
75%
Delila
75%
Delilah
75%
Delylah
75%
Dora
73%
Dorothy
71%
Dolly
69%
Destinee
63%
Destiney
63%
Destini
63%
Destiny
63%
Dahlia
62%
Dalia
62%
Daliah
62%
Daliyah
62%
Delia
61%
Dafne
59%
Daphne
59%
Debbie
59%
Defne
59%
Denise
59%
Denisse
59%
Deniz
59%
Doris
59%
Daria
57%
Dariyah
57%
Darya
57%
Devan
57%
Devin
57%
Devon
57%
Devyn
57%
Demi
54%
Desi
54%
Della
53%
Darci
49%
Darcy
49%
Deana
49%
Deanna
49%
Deonna
49%
Dillon
49%
Dilynn
49%
Dylan
49%
Dylann
49%
Darla
48%
Desirae
47%
Desire
47%
Desiree
47%
Dezirae
47%
Dezire
47%
Drew
47%
Dru
47%
Darlene
45%
Dawn
45%
Delores
44%
Dolores
44%
Dara
42%
Doreen
40%
Delainey
39%
Delaney
39%
Delani
39%
Delanie
39%
Delany
39%
Draya
37%
Drea
37%
Dreya
37%
Davina
35%
Dominique
35%
Dakoda
32%
Dakota
32%
Dakotah
32%
Dottie
32%
Danica
31%
Danika
31%
Dallas
30%
Dallis
30%
Dasha
30%
Dasia
30%
Dinah
30%
Daya
29%
Diamond
28%
Dorothea
28%
Damia
25%
Damiya
25%
Damiyah
25%
Damya
25%
Dania
24%
Daniya
24%
Daniyah
24%
Danya
24%
Dixie
23%
Delphine
19%
Dorian
19%
Dream
19%
Daila
18%
Dayla
18%
Dawson
17%
Dawsyn
17%
Deena
17%
Divine
17%
Delta
16%
Devina
16%
Divina
16%
Darling
14%
Denver
14%
Darby
13%
Davis
13%
Deja
13%
Dejah
13%
Dulce
13%
Darina
12%
Declan
12%
Demetria
12%
Dua
12%
Duaa
12%
Delina
11%
Dima
11%
Daleysa
10%
Daleyza
10%
Dior
10%
Dayana
9%
Dayanna
9%
Dorcas
9%
Damaris
8%
Dariana
8%
Darianna
8%
Divinity
8%
Daelyn
7%
Daelynn
7%
Dailyn
7%
Danae
7%
Daylin
7%
December
7%
Dionna
7%
Devora
6%
Devorah
6%
Denim
5%
Dayanara
4%
Delfina
4%
Dynasty
4%
Daenerys
3%
Daira
3%
Dayra
3%
Denali
3%
Divya
3%
Dagny
2%
Daisha
2%
Dalary
2%
Darlyn
2%
Dempsey
2%
Damaya
1%
Dariela
1%
Davianna
1%
Dayami
1%
Dayani
1%
Deema
1%
Dulcemaria
1%
Dyani
1%
Daijah
0%
Dalexa
0%
Danelly
0%
Danitza
0%
Danyla
0%
Deasia
0%
Debanhi
0%
Deetya
0%
Demiyah
0%
Deniyah
0%
Devany
0%
Dhriti
0%
Diem
0%
No matching quizzes found
Score Distribution
Percent of People with Each Score
Percentile by Number Answered
Your Score History
You have not taken this quiz